000 00329nam a22001457a 4500
003 OSt
005 20160727222357.0
008 160622b xxu||||| |||| 00| 0 eng d
040 _ctest
100 _9558
_aCoffey, T, M
245 _aThe Donkey's Gift
260 _aN.Y
_bCrown
_c1984
300 _aThe Donkey's Gift
942 _2ddc
_cBK
999 _c467
_d467